书目信息 |
| 题名: |
迈向宜居生活
|
|
| 作者: | 兰克 主编 ;郭申阳 , 彭瑾 , 付琳赟 译 | |
| 分册: | ||
| 出版信息: | 北京 中国社会科学出版社 2022.06 |
|
| 页数: | 18, 464页 | |
| 开本: | 24cm | |
| 丛书名: | ||
| 单 册: | ||
| 中图分类: | X21 , D771.27 | |
| 科图分类: | ||
| 主题词: | 居住环境--ju zhu huan jing--社会工作--研究--美国 | |
| 电子资源: | ||
| ISBN: | 978-7-5203-9085-9 | |
| 000 | 01543nam0 2200313 450 | |
| 001 | 011025153905 | |
| 005 | 20221025153905.0 | |
| 010 | @a978-7-5203-9085-9@dCNY139.00 | |
| 100 | @a20201004d2022 em y0chiy50 ea | |
| 101 | 1 | @achi@ceng |
| 102 | @aCN@b110000 | |
| 105 | @aa az 001yy | |
| 106 | @ar | |
| 200 | 1 | @a迈向宜居生活@Amai xiang yi ju sheng huo@e社会工作的21世纪议程@f(美) 马克·罗伯特·兰克(Mark Robert Rank) 主编@g(美)郭申阳,彭瑾,付琳赟译 |
| 210 | @a北京@c中国社会科学出版社@d2022.06 | |
| 215 | @a18, 464页@c彩照@d24cm | |
| 312 | @a封面英文题名:Toward a livable life: a 21st century agenda for social work | |
| 320 | @a附书目:320-457页 | |
| 330 | @a宣居生活是保障个体能够发挥最大潜能的一种生活。本书将实现宜居生活作为社会工作在21世纪的主要奋斗目标。围绕这一目标,从健康、贫困、社会排斥、儿童保护、社区发展等十三个社会工作核心领域出发,对最新研究成果、挑战、应对策略及发展方向进行了总结与讨论。本书以美国的经验为主,包含了全球视野,是所有社会工作者,社会科学领域的研究者与实践者,追求社会公平与正义、投身人类福祉的各界人士的必读著作。 | |
| 510 | 1 | @aToward a livable life@ea 21st century agenda for social work@zeng |
| 517 | 1 | @a社会工作的21世纪议程@Ashe hui gong zuo de 21shi ji yi cheng |
| 606 | 0 | @a居住环境@Aju zhu huan jing@x社会工作@x研究@y美国 |
| 690 | @aX21@v5 | |
| 690 | @aD771.27@v5 | |
| 701 | 1 | @c(美)@a兰克@Alan ke@gRank, Mark Robert@4主编 |
| 702 | 0 | @c(美)@a郭申阳@Aguo shen yang@4译 |
| 702 | 0 | @a彭瑾@Apeng jin@4译 |
| 702 | 0 | @a付琳赟@Afu lin bin@4译 |
| 905 | @a河南城建学院图书馆@dX21@eM081 | |
| 迈向宜居生活:社会工作的21世纪议程/(美) 马克·罗伯特·兰克(Mark Robert Rank) 主编/(美)郭申阳,彭瑾,付琳赟译.-北京:中国社会科学出版社,2022.06 |
| 18, 464页:彩照;24cm |
| ISBN 978-7-5203-9085-9:CNY139.00 |
| 宣居生活是保障个体能够发挥最大潜能的一种生活。本书将实现宜居生活作为社会工作在21世纪的主要奋斗目标。围绕这一目标,从健康、贫困、社会排斥、儿童保护、社区发展等十三个社会工作核心领域出发,对最新研究成果、挑战、应对策略及发展方向进行了总结与讨论。本书以美国的经验为主,包含了全球视野,是所有社会工作者,社会科学领域的研究者与实践者,追求社会公平与正义、投身人类福祉的各界人士的必读著作。 |
| ● |
| 相关链接 |
|
|
|
正题名:迈向宜居生活
索取号:X21/M081
 
预约/预借
| 序号 | 登录号 | 条形码 | 馆藏地/架位号 | 状态 | 备注 |
| 1 | 1589999 | 215899990 | 自科库501/501自科库 64排1列2层/ [索取号:X21/M081] | 在馆 |